| 000 | 00694nam a2200217Ii 4500 | ||
|---|---|---|---|
| 003 | JO-AjNU | ||
| 008 | 230605s9999||||xx |||||||||||||| ||und|| | ||
| 017 | _a2001/15204 | ||
| 020 | _a977-270-694-6 | ||
| 040 |
_aJO-AjNU _bara _erda _cJO-AjNU |
||
| 041 | _aara | ||
| 050 | 1 | 4 | _aZ665 2001 |
| 100 | 3 |
_aعبدالهادي، محمد فتحي/م . مشارك نبيلة جمعة , _eauthor _916634 |
|
| 245 | 0 | 0 | _aالمكتبات العامة |
| 264 | 3 | 1 | _aبيروت : الدار اللبنانية ،2001 |
| 300 | _a218ص | ||
| 336 |
_atext _btxt _2rdacontent |
||
| 337 |
_aunmediated _bn _2rdamedia |
||
| 338 |
_avolume _bnc _2rdacarrier |
||
| 650 | 4 |
_aالمكتبات العامة _916635 |
|
| 999 |
_aA4974 _c8542 _d8542 |
||